| 000 | 00431nam a2200157 a 4500 | ||
|---|---|---|---|
| 005 | 20140412111422.0 | ||
| 008 | 080122s19uu xx 00 eng d | ||
| 020 | _a81-7301-615-1 | ||
| 050 |
_aTR(GS E _bFr91 2006 |
||
| 100 | _aPrakash, Ved | ||
| 245 |
_aFriendly. vol.16 / _cVed Prakash. |
||
| 260 |
_aIndia : _bDreamland Publications. |
||
| 300 | _a24p. | ||
| 440 | _aCharacter-Building stories for children | ||
| 999 |
_c106054 _d106054 |
||